Jeux Mario par lieu - Statistiques

Statistiques générales
  • Ce quiz a été pris 28 fois
  • Le résultat moyen est 14 sur 37
Statistiques - réponses
Lieu Jeu % Correct
Aéroport Azur Mario Kart 8 Deluxe
88%
Flipper Waluigi Mario Kart DS
71%
Souk Maskass Mario Kart 7
67%
Paquebot Daisy Mario Kart Double Dash
67%
Supermarché Coco Mario Kart Wii
67%
Désert Kalimari Mario Kart 64
63%
Royaume des abeilles Super Mario Galaxy
63%
Terrasse des rigolonimbus Super Mario Galaxy 2
63%
Place Delfino Super Mario Sunshine
63%
Ile Choco 1 Super Mario Kart
58%
Baie des pirates Super Mario 64
54%
Côté Obscur de la Lune Super Mario Odyssey
54%
Trophéopolis Mario Kart World
46%
Ile des Yoshis Super Mario World
46%
Pays Fromage Mario Kart Super Circuit
38%
Pays de l'Horreur Mario Party 2
38%
Pays Pirate Mario Party 2
38%
Bowserêve Mario Party 5
38%
Lac Flocon Mario Party 6
38%
Pays-vert Super Mario Bros 3
38%
Moulinville Mario Party 7
33%
Mont Kiléraide Super Mario 3D World
33%
Abysses bizarres Mario Party 10
29%
Birabuto Super Mario Land
29%
Voies respiratoires Mario & Luigi: Voyage au centre de Bowser
25%
Bois du rire Mario & Luigi: Superstar Saga
21%
Recto Super Paper Mario
21%
Givreville Mario et Sonic aux Jeux Olympiques d'hiver
17%
Vallée Haricot Super Mario RPG
17%
Village de Holijoli Mario & Luigi: Les Frères du Temps
13%
Galactic Stadium Mario Strikers Charged Football
13%
Port-Lacanaie Paper Mario: La Porte Milénaire
13%
Chutés dorées Super Mario Bros Wonder
13%
Médinsule Mario & Luigi: L'épopée fraternelle
4%
Terrain de jouets Mario Superstar Baseball
0%
Frousseland Mario+ The Lapins Crétins : Kingdom Battle
0%
Littoral Lumineux Mario+ The Lapins Crétins: Sparks of Hope
0%
Aucun quiz correspondant
Distribution des résultats
% des personnes avec chaque résultat
Percentile par nombre de réponses
Votre historique - résultats
Vous n’avez pas pris ce quiz